| 000 | 00000nam##2200000za#4500 |
| 001 | 9.648501 |
| 003 | CaOODSP |
| 005 | 20210615113129 |
| 007 | ta |
| 008 | 150407|2002||||xxc||||| f|0| 0 eng|d |
| 020 | |a0-662-31849-8 |
| 040 | |aCaOODSP|beng |
| 043 | |an-cn--- |
| 086 | 1 |aRH4-17/2000E |
| 110 | 1 |aCanada. |bHuman Resources Development Canada. |
| 245 | 10|aChild welfare in Canada 2000 : |bthe role of provincial and territorial authorities in the provision of child protection services / |cPrepared by Secretariat to the Federal/Provincial/Territorial Working Group on Child and Family Services Information. |
| 260 | |aOttawa - Ontario : |bHuman Resources Development Canada |c2002. |
| 300 | |axvi, 220p. : |bgraphs, references, tables ; |c28 cm. |
| 563 | |aSoftcover |
| 590 | |a02-22|b2002-05-31 |
| 690 | 07|aChild care|2gcpds |
| 690 | 07|aChild support|2gcpds |
| 690 | 07|aSocial policy|2gcpds |
| 690 | 07|aViolence against children|2gcpds |
| 775 | 08|tBien-être de l'enfance au Canada 2000 : |w(CaOODSP)9.681784 |
| 776 | 0#|tChild welfare in Canada 2000 : |w(CaOODSP)9.693961 |